[Event "GCT Paris Rapid 2019"]
[Site "Paris"]
[Date "2019.07.27"]
[Round "1.1"]
[White "Nakamura, Hikaru"]
[Black "Caruana, Fabiano"]
[Result "0-1"]
[WhiteElo "2754"]
[BlackElo "2819"]
[Annotator "RC"]
[PlyCount "74"]
[EventDate "2019.07.26"]
[EventType "tourn"]
[EventCountry "FRA"]
[SourceTitle "playchess.com"]
[Source "ChessBase"]
[SourceQuality "1"]
[TimeMode "Bronstein"]
[TimeControl "1500+10"]

1. d4 {[%emt 0:00:00]} Nf6 {[%emt 0:00:00]} 2. c4 {[%emt 0:00:00]} e6 {[%emt 0:00:00]} 3. Nc3 {[%emt 0:00:00]} Bb4 {[%emt 0:00:00]} 4. e3 {[%emt 0:00:00]} O-O {[%emt 0:00:00]} 5. Bd3 {[%emt 0:00:00]} c5 {[%emt 0:00:04]} 6. Nge2 {[%emt 0:00:00]} d5 {[%emt 0:00:04]} 7. cxd5 {[%emt 0:00:00]} exd5 {[%emt 0:00:04]} 8. O-O {[%emt 0:00:25]} c4 {[%emt 0:02:31]} 9. Bc2 {[%emt 0:00:10]} Nc6 {[%emt 0:00:10]} 10. a3 {[%emt 0:00:47]} Ba5 {[%emt 0:00:16]} 11. f3 {[%emt 0:01:50]} Re8 {[%emt 0:00:10]} 12. b3 {[%emt 0:00:10]} cxb3 {[%emt 0:00:23]} 13. Bxb3 {[%emt 0:00:10]} Bf5 {[%emt 0:00:56]} 14. g4 {[%emt 0:03:30]} Bg6 {[%emt 0:00:15]} 15. Bd2 {[%emt 0:01:23]} Rc8 {[%emt 0:00:58]} 16. Rc1 {[%emt 0:00:47]} Bc7 {[%emt 0:01:36]} 17. g5 {[%emt 0:02:26]} Nh5 {[%emt 0:02:42]} 18. f4 {[%emt 0:00:10]} Ne7 {[%emt 0:00:10]} 19. Ba4 {[%emt 0:00:10]} Rf8 {[%emt 0:00:10]} 20. Ng3 {[%emt 0:00:56]} Nxg3 {[%emt 0:00:10]} 21. hxg3 {[%emt 0:00:10]} Ba5 {[%emt 0:01:04]} 22. g4 {[%emt 0:00:33]} Bd3 {[%emt 0:00:39]} 23. Rf2 {[%emt 0:00:14]} Qd6 {[%emt 0:00:10]} 24. Be1 {[%emt 0:01:19]} Qa6 {[%emt 0:02:02]} 25. Bb3 {[%emt 0:00:42]} Bxc3 {[%emt 0:00:26]} 26. Bxc3 {[%emt 0:00:52]} Be4 {[%emt 0:00:10]} 27. Bb4 {[%emt 0:00:20]} Rxc1 {[%emt 0:00:15]} 28. Qxc1 {[%emt 0:00:10]} Rc8 {[%emt 0:00:10]} 29. Qf1 {[%emt 0:00:23]} Qb6 {[%emt 0:00:56]} 30. Qd1 {[%emt 0:00:26]} Qc7 {[%emt 0:00:48]} 31. Rf1 {[%emt 0:05:17]} a5 {[%emt 0:00:43]} 32. Bd2 {[%emt 0:00:10]} Qd6 {[%emt 0:01:19]} 33. a4 {[%emt 0:03:07]} h6 {[%emt 0:00:10]} 34. g6 {[%emt 0:00:23]} Nxg6 {[%emt 0:02:00]} 35. Bxa5 {[%emt 0:00:10]} Qa3 {[%emt 0:00:13]} 36. Bd2 {[%emt 0:00:21]} Nh4 {[%emt 0:00:15]} 37. g5 {[%emt 0:00:32]} Nf3+ {[%emt 0:00:26]} 0-1

[Event "GCT Paris Rapid 2019"]
[Site "Paris"]
[Date "2019.07.27"]
[Round "1.2"]
[White "Dubov, Daniil"]
[Black "Vachier-Lagrave, Maxime"]
[Result "0-1"]
[WhiteElo "2700"]
[BlackElo "2775"]
[Annotator "RC"]
[PlyCount "124"]
[EventDate "2019.07.26"]
[EventType "tourn"]
[EventCountry "FRA"]
[SourceTitle "playchess.com"]
[Source "ChessBase"]
[SourceQuality "1"]
[TimeMode "Bronstein"]
[TimeControl "1500+10"]

1. c4 {[%emt 0:00:00]} c5 {[%emt 0:00:00]} 2. Nf3 {[%emt 0:00:00]} Nf6 {[%emt 0:00:00]} 3. d4 {[%emt 0:00:00]} cxd4 {[%emt 0:00:00]} 4. Nxd4 {[%emt 0:00:00]} e6 {[%emt 0:00:00]} 5. Nc3 {[%emt 0:00:00]} Nc6 {[%emt 0:00:00]} 6. g3 {[%emt 0:00:00]} Qb6 {[%emt 0:00:00]} 7. Ndb5 {[%emt 0:00:00]} Ne5 {[%emt 0:00:00]} 8. Bg2 {[%emt 0:00:00]} a6 {[%emt 0:01:15]} 9. Na4 {[%emt 0:00:00]} Qd8 {[%emt 0:01:05]} 10. Nd6+ {[%emt 0:00:00]} Bxd6 {[%emt 0:00:10]} 11. Qxd6 {[%emt 0:00:00]} Nxc4 {[%emt 0:00:10]} 12. Qc5 {[%emt 0:00:00]} d5 {[%emt 0:00:10]} 13. b3 {[%emt 0:00:00]} Bd7 {[%emt 0:00:10]} 14. bxc4 {[%emt 0:00:00]} Bxa4 {[%emt 0:00:10]} 15. Qa3 {[%emt 0:00:05]} Qd7 {[%emt 0:04:23]} 16. Bb2 {[%emt 0:00:25]} b5 {[%emt 0:01:09]} 17. cxd5 {[%emt 0:02:31]} exd5 {[%emt 0:01:44]} 18. Bxf6 {[%emt 0:04:08]} gxf6 {[%emt 0:00:10]} 19. O-O {[%emt 0:00:18]} Qe7 {[%emt 0:00:30]} 20. Qf3 {[%emt 0:01:35]} O-O {[%emt 0:01:14]} 21. Qg4+ {[%emt 0:00:10]} Kh8 {[%emt 0:00:10]} 22. Bxd5 {[%emt 0:00:10]} Rad8 {[%emt 0:00:46]} 23. e4 {[%emt 0:00:27]} b4 {[%emt 0:00:51]} 24. Rac1 {[%emt 0:01:11]} Bd7 {[%emt 0:00:20]} 25. Qf4 {[%emt 0:01:31]} Bb5 {[%emt 0:01:36]} 26. Rc7 {[%emt 0:02:33]} Qd6 {[%emt 0:00:10]} 27. Qxd6 {[%emt 0:01:14]} Rxd6 {[%emt 0:00:10]} 28. Rb1 {[%emt 0:00:16]} a5 {[%emt 0:00:11]} 29. a3 {[%emt 0:01:38]} f5 {[%emt 0:00:35]} 30. f3 {[%emt 0:03:30]} fxe4 {[%emt 0:00:10]} 31. fxe4 {[%emt 0:00:10]} f5 {[%emt 0:00:10]} 32. axb4 {[%emt 0:00:43]} Bd3 {[%emt 0:00:10]} 33. Re1 {[%emt 0:00:34]} axb4 {[%emt 0:00:57]} 34. Rb7 {[%emt 0:00:18]} Re8 {[%emt 0:01:06]} 35. Bf7 {[%emt 0:00:37]} Rxe4 {[%emt 0:00:10]} 36. Rc1 {[%emt 0:02:15]} Rd8 {[%emt 0:00:10]} 37. Rd1 {[%emt 0:00:32]} f4 {[%emt 0:02:27]} 38. Bb3 {[%emt 0:00:58]} Red4 {[%emt 0:01:43]} 39. Rf7 {[%emt 0:00:33]} fxg3 {[%emt 0:00:25]} 40. hxg3 {[%emt 0:00:10]} Bg6 {[%emt 0:01:11]} 41. Rf8+ {[%emt 0:00:10]} Rxf8 {[%emt 0:00:10]} 42. Rxd4 {[%emt 0:00:10]} Rb8 {[%emt 0:00:10]} 43. Kf2 {[%emt 0:00:10]} Kg7 {[%emt 0:00:10]} 44. Ke3 {[%emt 0:00:14]} Rb6 {[%emt 0:00:25]} 45. g4 {[%emt 0:00:12]} Kf6 {[%emt 0:00:10]} 46. Kf4 {[%emt 0:00:10]} Bf7 {[%emt 0:01:10]} 47. g5+ {[%emt 0:00:10]} Ke7 {[%emt 0:00:10]} 48. Bc2 {[%emt 0:00:15]} Bg8 {[%emt 0:00:10]} 49. Re4+ {[%emt 0:00:10]} Kf8 {[%emt 0:00:10]} 50. Bb1 {[%emt 0:00:12]} b3 {[%emt 0:00:35]} 51. Ra4 {[%emt 0:00:10]} Rb7 {[%emt 0:00:24]} 52. Ke3 {[%emt 0:00:10]} Kg7 {[%emt 0:00:11]} 53. Kd2 {[%emt 0:00:10]} Bf7 {[%emt 0:00:10]} 54. Rh4 {[%emt 0:00:16]} Bg6 {[%emt 0:00:10]} 55. Rh1 {[%emt 0:00:12]} b2 {[%emt 0:00:17]} 56. Kc3 {[%emt 0:00:10]} Bxb1 {[%emt 0:00:10]} 57. Rxb1 {[%emt 0:00:10]} Kg6 {[%emt 0:00:10]} 58. Kc2 {[%emt 0:00:10]} Rb8 {[%emt 0:00:15]} 59. Kc3 {[%emt 0:00:11]} Kxg5 {[%emt 0:00:10]} 60. Kc2 {[%emt 0:00:10]} h5 {[%emt 0:00:10]} 61. Rg1+ {[%emt 0:00:10]} Kh6 {[%emt 0:00:10]} 62. Kb1 {[%emt 0:00:10]} h4 {[%emt 0:00:10]} 0-1

[Event "GCT Paris Rapid 2019"]
[Site "Paris"]
[Date "2019.07.27"]
[Round "1.3"]
[White "Anand, Viswanathan"]
[Black "Nepomniachtchi, Ian"]
[Result "1-0"]
[WhiteElo "2764"]
[BlackElo "2775"]
[Annotator "TA"]
[PlyCount "78"]
[EventDate "2019.07.26"]
[EventType "tourn"]
[EventCountry "FRA"]
[SourceTitle "playchess.com"]
[Source "ChessBase"]
[SourceQuality "1"]

{[%evp 17,78,6,16,5,18,8,9,18,12,8,16,5,31,31,31,31,43,46,64,55,92,83,88,80,156,159,152,150,252,222,343,327,368,352,316,348,323,302,304,306,265,273,296,111,369,411,562,568,547,539,533,516,607,645,1166,1113,1024,990,1362,1318,1419,5202,1487]} 1. e4 c5 2. Nf3 d6 3. d4 cxd4 4. Nxd4 Nf6 5. Nc3 a6 6. g3 e5 7. Nb3 Be7 8. Bg2 O-O 9. O-O Nc6 10. h3 {B91: Sicilian Najdorf: 6 g3} h6 11. Be3 Na5 $146 ({Predecessor:} 11... Be6 12. Qd2 b5 {½-½ (60) Laszlo,J (2245)-Mihalko,J (2325) Nyiregyhaza 1994}) 12. Nxa5 {The position is equal.} Qxa5 13. Qd2 Qc7 14. a4 {[%cal Ba2a4,Ba4a5][%mdl 32]} Be6 15. a5 Rac8 16. Rfc1 Rfe8 17. Nd5 $36 {[%mdl 2048] White fights for an advantage.} Bxd5 18. exd5 Nh7 19. h4 f5 20. c4 f4 ({Better is} 20... Nf6) 21. gxf4 $16 Bxh4 22. c5 {aiming for fxe5.} Rcd8 (22... Qf7 $16) 23. c6 $18 Qf7 (23... exf4 $142 24. Bb6 {[%mdl 64] Skewer} (24. Bxf4 Bg5 $16) 24... Qf7) 24. Ra4 exf4 25. Rxf4 Bf6 26. Rb4 Re7 27. Qc2 Bg5 28. Bxg5 Nxg5 29. f4 Nh7 30. Qb3 $2 (30. Bh3 $18 {and White stays clearly on top.} bxc6 31. dxc6) 30... Nf8 $2 {[%mdl 8192]} (30... Rb8 $16) 31. Rxb7 Rxb7 32. Qxb7 {White is clearly winning.} Qxf4 33. Rf1 Qe3+ 34. Kh1 {[#] Threatens to win with c7.} Re8 35. Qf7+ Kh7 36. Qf5+ Ng6 37. c7 Qc5 38. Be4 Rxe4 39. Qxe4 {[#] White threatens Rg1 and mate.} Qxc7 {Accuracy: White = 83%, Black = 43%.} 1-0

[Event "GCT Paris Rapid 2019"]
[Site "Paris"]
[Date "2019.07.27"]
[Round "1.4"]
[White "Grischuk, Alexander"]
[Black "Mamedyarov, Shakhriyar"]
[Result "1/2-1/2"]
[WhiteElo "2766"]
[BlackElo "2765"]
[Annotator "TA"]
[PlyCount "49"]
[EventDate "2019.07.26"]
[EventType "tourn"]
[EventCountry "FRA"]
[SourceTitle "playchess.com"]
[Source "ChessBase"]
[SourceQuality "1"]

{[%evp 9,49,54,54,26,43,10,12,0,17,24,39,35,45,19,83,47,68,67,60,76,62,65,56,53,94,111,109,46,50,53,85,83,83,12,64,0,83,58,160,25,43,19]} 1. Nf3 f5 2. d3 Nf6 3. e4 d6 4. exf5 (4. Nc3 Nc6 5. exf5 Bxf5 6. d4 Nb4 7. Bb5+ c6 8. Ba4 g6 9. O-O Bg7 10. Ne2 O-O 11. Ng3 Bd7 {1-0 (37) Ding,L (2777)-Zhang,Z (2634) China 2016}) 4... Bxf5 5. d4 Qd7 6. a3 $146 {A04: Unusual lines after 1 Nf3 and King's Indian Attack} ({Predecessor:} 6. Nc3 e5 7. Bg5 e4 8. Bxf6 Qe6 9. Ng5 Qxf6 10. Ngxe4 Qg6 11. Ng3 Bxc2 {½-½ (43) Erdos,V (2628)-Ali Marandi,C (2515) Biel 2017}) 6... e5 7. Nc3 Nc6 8. Bg5 {The position is equal.} Be7 9. dxe5 Nxe5 10. Nxe5 Qe6 {[%mdl 64] [#] Pin} 11. Qe2 {Nf3 is the strong threat.} dxe5 (11... Qxe5 $11 12. Qxe5 dxe5) 12. O-O-O O-O 13. Qc4 c6 14. f3 b5 15. Qxe6+ Bxe6 16. Bd3 b4 17. axb4 Bxb4 18. Ne4 (18. Rhe1 $16) 18... a5 $14 19. Bd2 Nd5 20. Rhe1 h6 21. Nf2 (21. Bc4 $16) 21... Bd6 (21... Bc5 $11 22. Rxe5 Bf7) 22. Ne4 (22. Bc4 $14) 22... Be7 (22... Bb4 $1 $11 {remains equal.}) 23. Nc3 a4 (23... Bf7 $14) 24. Nxd5 ({Only move:} 24. Rxe5 $16 Nc7 25. Rxe6 Nxe6 26. Bc4) 24... cxd5 $11 25. Bc3 $1 {Accuracy: White = 49%, Black = 37%.} ({Much weaker is} 25. Rxe5 a3 $17) 1/2-1/2

[Event "GCT Paris Rapid 2019"]
[Site "Paris"]
[Date "2019.07.27"]
[Round "1.5"]
[White "Duda, Jan-Krzysztof"]
[Black "Giri, Anish"]
[Result "1-0"]
[WhiteElo "2729"]
[BlackElo "2779"]
[Annotator "TA"]
[PlyCount "107"]
[EventDate "2019.07.26"]
[EventType "tourn"]
[EventCountry "FRA"]
[SourceTitle "playchess.com"]
[Source "ChessBase"]
[SourceQuality "1"]

{[%evp 11,107,10,18,21,24,25,31,0,-6,-27,-18,-6,-13,-51,-11,-59,-48,-57,-34,-51,-47,-58,-52,-65,-24,-110,-114,-120,-121,-200,-73,-75,-72,-79,-59,-77,-75,-48,-24,-24,-18,-33,-27,-68,-55,-58,0,-79,0,0,0,2,6,0,33,-100,-38,-41,-47,-54,87,87,85,87,84,89,88,64,114,114,192,192,192,185,140,193,221,221,607,528,29964,29966,29966,29963,29960,29962,29961,29963,29970,29971,29972,29974,29975,29976,29976,29977,29977,29976]} 1. e4 e5 2. Nf3 Nc6 3. Bc4 Bc5 4. O-O ({Predecessor:} 4. c3 Nf6 5. d3 a6 6. a4 d6 {0-1 (37) Firouzja,A (2607)-Vokhidov,S (2480) Makati 2018}) 4... Nf6 5. d3 d6 6. c3 a6 7. a4 {C54: Giuoco Piano: 4 c3 Nf6, main lines with 5 d4 and 5 d3} Ba7 $146 (7... h6 8. Nbd2 O-O 9. Re1 Re8 10. Nf1 Ba7 11. Ng3 Be6 12. Bxe6 Rxe6 13. b4 d5 14. Qb3 Qd7 15. h3 Rd8 {0-1 (76) Yu,Y (2751)-Harikrishna,P (2723) Shenzhen 2019}) 8. Re1 O-O 9. Bg5 {White is slightly better.} h6 10. Bh4 g5 11. Bg3 Nh7 12. Nbd2 Qf6 (12... h5 $5 {[%cal Rh5h4]} 13. h4 g4 $11) 13. d4 h5 $1 {[%cal Rh5h4] ...h4 is the strong threat.} 14. h3 h4 $36 {[%mdl 2048] Black fights for an advantage.} 15. Bh2 $1 g4 16. hxg4 Bxg4 {[%cal Re5d4]} 17. Be2 Rfe8 18. dxe5 (18. Rc1 $11) 18... dxe5 $17 19. b4 Rad8 $1 20. b5 (20. Kh1 $17) 20... Bxf3 (20... Na5 $19 {is more deadly.} 21. bxa6 bxa6) 21. Bxf3 Ne7 22. Qe2 Ng5 23. Ra2 Ng6 $1 ({Don't play} 23... Nxf3+ 24. Nxf3 Ng6 25. Rb2 $11) 24. bxa6 Qxa6 25. Qxa6 bxa6 26. Be2 Rd6 27. Nc4 Rf6 28. Bg4 h3 (28... Nf4 $15 29. Bxf4 exf4) 29. Bg3 (29. gxh3 $11 {remains equal.} Nf3+ 30. Bxf3 Rxf3 {[%mdl 64] Double Attack} 31. Ne3) 29... Rc6 (29... hxg2 $17 {aiming for ...Nf4.} 30. Ne3 (30. Kxg2 Nf4+ 31. Bxf4 Rxf4 $17 {[%mdl 64] Double Attack}) 30... Bxe3 31. fxe3 Rd8 32. Rxg2 Rd3) 30. Bd7 $11 {[%mdl 64] Double Attack} Rxc4 {[%mdl 64] Double Attack} 31. Bxe8 Nxe4 32. Kh1 Nf6 33. Rd2 (33. Bxe5 $14 {was the only good move.} Nxe8 34. Bd4 {[%mdl 64] Discovered Attack} hxg2+ 35. Kxg2 Nf4+ 36. Kg1) 33... hxg2+ (33... Nxe8 $17 34. Rd8 Kf8) 34. Kxg2 Nxe8 35. Rd8 Rxa4 (35... Kf8 $15 {stays ahead.} 36. Bxe5 Bc5) 36. Rxe8+ $16 Kg7 37. Bxe5+ Nxe5 38. R8xe5 {[%mdl 4096] Endgame KRR-KRB} Rc4 39. Rg5+ Kf6 40. Rg3 $1 Bb6 (40... Rc6 $16 41. Rf3+ Kg6) 41. Rf3+ $18 Kg6 42. Kh3 f5 43. Re5 (43. Re6+ $16 Kg5 44. Re5) 43... Rc5 44. Rfxf5 $1 Rxe5 $2 (44... Rxc3+ 45. Kg4 Rc2 46. Re6+ Kg7) 45. Rxe5 Bxf2 {KR-KB} 46. Kg4 $1 {White mates.} Bb6 47. Re6+ Kf7 48. Kf5 a5 {[#]} 49. Ke5 $1 {[%cal Re5d5]} Bc5 50. Ra6 Bb6 {[#]} 51. Kd5 $1 {[%cal Rd5c6]} Ke7 52. Kc6 Ke6 53. c4 Be3 54. Kxc7+ {Accuracy: White = 54%, Black = 40%.} 1-0

[Event "GCT Paris Rapid 2019"]
[Site "Paris"]
[Date "2019.07.27"]
[Round "2.1"]
[White "Mamedyarov, Shakhriyar"]
[Black "Vachier-Lagrave, Maxime"]
[Result "0-1"]
[WhiteElo "2765"]
[BlackElo "2775"]
[Annotator "TA"]
[PlyCount "82"]
[EventDate "2019.07.26"]
[EventType "tourn"]
[EventCountry "FRA"]
[SourceTitle "playchess.com"]
[Source "ChessBase"]
[SourceQuality "1"]

{[%evp 9,82,14,28,-20,-48,-39,31,27,29,20,23,27,27,18,16,8,23,0,0,4,-7,-10,0,-4,0,-18,-18,-24,-12,-25,0,-8,0,-31,-8,-8,0,0,0,0,0,-22,0,-51,-41,-49,-25,-132,-125,-135,-131,-218,-219,-284,-284,-290,-294,-295,-292,-289,-289,-295,-287,-283,-282,-383,-373,-407,-407,-403,-375,-424,-397,-639,-631]} 1. d4 Nf6 2. c4 g6 3. Nf3 Bg7 4. e3 c5 5. dxc5 Na6 6. a3 {E60: King's Indian: Unusual lines and Fianchetto Variation without Nc3} Nxc5 7. b4 Ne6 (7... Nce4 $1 $15 8. Nd4 O-O) 8. Bb2 $14 {White is slightly better.} b6 (8... O-O 9. Be2 a5 10. Nbd2 b6 11. O-O Bb7 12. Qb3 {½-½ (38) Aleksandrov,A (2594)-Tutisani,N (2460) Nakhchivan 2018}) 9. Nc3 $146 ({Predecessor:} 9. Be2 Bb7 10. O-O O-O 11. Nbd2 d5 12. Qb3 dxc4 13. Bxc4 Bd5 14. Rfd1 b5 15. Bxd5 Qxd5 {½-½ (15) Rantanen,Y (2385)-Sigurjonsson,G (2485) Gausdal 1987}) 9... Bb7 10. Qb3 O-O 11. Rd1 Rc8 12. Be2 Ne4 13. Nd5 Bxb2 14. Qxb2 Nc7 15. Nf4 (15. Nc3 {seems wilder.} Nxc3 16. Qxc3 Nb5 17. Qd3 Nd6 18. Rc1) 15... f6 (15... d6 {is interesting.} 16. O-O e6 17. Nd3 Qe7 18. Rc1 f6) 16. Nd2 Nxd2 17. Rxd2 e5 18. Nd5 Nxd5 19. cxd5 Qc7 20. O-O Qc3 21. e4 Qxb2 22. Rxb2 Kf7 23. a4 {[%cal Ba3a4,Ba4a5][%mdl 32]} a6 24. a5 b5 25. Rbb1 Rc3 26. Bg4 (26. Rfc1 $11 Rfc8 27. Rxc3 Rxc3 28. f3) 26... Ke7 $15 27. d6+ Kd8 28. Rfc1 (28. f3 $1 $11) 28... Rxc1+ $17 ({Stronger than} 28... Bxe4 29. Rxc3 Bxb1 30. Rc7 $14) 29. Rxc1 Bxe4 {[%mdl 4096] Endgame KRB-KRB} 30. Rc5 (30. Bd1 $17 {is a better defense.}) 30... f5 $19 31. Bf3 Bxf3 32. gxf3 {KR-KR} Rf6 33. Rd5 Re6 34. Kf1 Ke8 35. Ke2 Kf7 36. Ke3 g5 37. h3 h5 38. Kd3 Re8 39. Rc5 Ke6 40. Rc7 h4 41. Ra7 $2 {[#]} (41. Ke2) 41... Rg8 {Played: g5-g4} 0-1

[Event "GCT Paris Rapid 2019"]
[Site "Paris"]
[Date "2019.07.27"]
[Round "2.2"]
[White "Nepomniachtchi, Ian"]
[Black "Dubov, Daniil"]
[Result "1/2-1/2"]
[WhiteElo "2775"]
[BlackElo "2700"]
[Annotator "TA"]
[PlyCount "78"]
[EventDate "2019.07.26"]
[EventType "tourn"]
[EventCountry "FRA"]
[SourceTitle "playchess.com"]
[Source "ChessBase"]
[SourceQuality "1"]

{[%evp 14,78,6,13,15,12,17,25,19,0,7,15,8,18,45,45,57,47,52,25,23,-22,50,45,37,35,39,30,34,18,24,5,5,0,0,-25,-25,-47,-14,-29,0,0,9,9,16,18,19,19,29,10,7,4,28,2,4,4,5,5,19,19,19,0,0,0,21,0,0]} 1. c4 Nf6 2. Nc3 c5 3. Nf3 Nc6 4. d4 cxd4 5. Nxd4 e6 6. a3 d5 7. cxd5 exd5 8. Bg5 Bc5 {A33: Symmetrical English: 2 Nf3 Nf6 3 d4 cxd4 4 Nxd4 e6 5 Nc3 Nc6} 9. e3 Bxd4 10. exd4 O-O {White has an edge.} 11. Be2 h6 12. Bh4 g5 (12... Qd6 13. Bg3 Qe7 14. O-O Bf5 15. Re1 Qd7 16. Bf3 {½-½ (33) Navara,D (2737)-Anand,V (2783) Saint Louis 2017}) 13. Bg3 Ne4 $146 ({Predecessor:} 13... Qb6 14. Nb5 Ne8 15. h4 a6 16. Nc3 Qxb2 17. Nxd5 {1-0 (34) Hetey,L (2325)-Halser,W (2100) Leipzig 1999}) 14. Nxe4 dxe4 15. d5 Ne7 16. Bc4 Nf5 17. Be5 Re8 (17... Nh4 $11 18. Qh5 Kh7) 18. Bc3 $14 Bd7 19. O-O Rc8 20. Be2 Qb6 21. Bg4 Rcd8 22. Bxf5 Bxf5 23. Qd2 Rd7 24. h3 Be6 25. Rad1 Rxd5 (25... Bxd5 {keeps more tension.} 26. a4 Bc6 27. Qc2 Red8 28. Rxd7 Rxd7 29. Rd1 Rxd1+ 30. Qxd1 e3) 26. Qe2 Rxd1 27. Rxd1 Rd8 28. Rxd8+ Qxd8 29. Qxe4 {Hoping for Qe5.} Qd1+ 30. Kh2 {Black must now prevent Qe5.} Qd6+ 31. Be5 Qd5 32. Qe3 Kh7 33. f4 Kg6 {The position is equal.} 34. Qxa7 f6 35. Bc3 Qe4 36. fxg5 {Qf2 is the strong threat.} Qf4+ 37. Kg1 Qc1+ 38. Kh2 Qf4+ 39. Kg1 Qc1+ {Accuracy: White = 45%, Black = 58%.} 1/2-1/2

[Event "GCT Paris Rapid 2019"]
[Site "Paris"]
[Date "2019.07.27"]
[Round "2.3"]
[White "Grischuk, Alexander"]
[Black "Nakamura, Hikaru"]
[Result "1-0"]
[WhiteElo "2766"]
[BlackElo "2754"]
[Annotator "TA"]
[PlyCount "111"]
[EventDate "2019.07.26"]
[EventType "tourn"]
[EventCountry "FRA"]
[SourceTitle "playchess.com"]
[Source "ChessBase"]
[SourceQuality "1"]

{[%evp 12,111,14,12,25,7,17,26,29,9,24,0,10,0,0,0,16,4,16,0,0,0,4,3,11,0,16,10,10,3,10,10,18,7,7,8,8,8,15,0,12,10,10,17,39,61,45,46,83,80,75,75,116,116,124,120,218,217,191,232,191,191,191,199,191,191,191,193,212,207,385,381,370,370,370,326,1074,1013,892,875,1083,1002,1374,1235,1337,1314,1352,1018,1311,1262,1222,1114,1519,1475,1915,1192,29967,29964,29976,29977,29973,29963]} 1. d4 Nf6 2. c4 e6 3. Nf3 d5 4. g3 Be7 5. Bg2 O-O 6. O-O dxc4 7. Qc2 b6 $146 {E05: Open Catalan: 5 Nf3 Be7} (7... a6 8. Qxc4 b5 9. Qc2 Bb7 10. Bd2 Be4 11. Qc1 c6 12. Rd1 Nbd7 13. Nc3 Bg6 14. a3 Rc8 15. b4 Nd5 16. Be1 Qc7 17. e3 h6 18. Qb2 N5b6 19. Qe2 {½-½ (31) Yu,Y (2751)-Giri,A (2797) Shenzhen 2019}) (7... b5 8. a4 b4 9. Nfd2 c6 10. Nxc4 Qxd4 11. Rd1 Qc5 12. Be3 Qh5 13. Nbd2 Ng4 14. Nf3 Nxe3 15. Nxe3 a5 {1-0 (54) Grischuk,A (2772)-Nakamura,H (2761) Moscow 2019}) 8. Bg5 Nd5 9. Bxe7 Qxe7 {White has an edge.} 10. Nbd2 {[%cal Bb1d2,Bd2b3,Bb3c5][%mdl 32]} b5 11. b3 cxb3 12. Nxb3 a5 13. Ne5 a4 14. Nc5 c6 15. a3 Ra7 16. Rac1 Rc7 17. Qb2 Nb6 18. Qc3 f6 19. Qa5 Nd5 20. Ned3 Ra7 21. Qd2 Nd7 22. Qa2 {[#] aiming for Nxe6!} Nxc5 23. Rxc5 Bd7 24. Rfc1 Kh8 25. h4 Qf7 26. e3 Rd8 27. Qb2 Be8 28. Nb4 Nxb4 29. Qxb4 Qe7 30. Qb2 ({Don't play} 30. Bxc6 $6 Bxc6 31. Rxc6 Qxb4 $14) 30... Ra6 31. Bxc6 Bxc6 32. Rxc6 Rxc6 33. Rxc6 e5 (33... b4 $16) 34. dxe5 $18 Qxe5 35. Qxe5 fxe5 {[%mdl 4096] Endgame [#] KR-KR} 36. Rb6 $1 Kg8 37. Rxb5 Rd3 38. Rxe5 Rxa3 39. Re7 Ra1+ 40. Kg2 a3 $2 (40... Ra2 {might work better.} 41. Ra7 a3) 41. h5 Rb1 {White must now prevent ...a2.} 42. Ra7 Rb3 43. g4 h6 $2 (43... Rc3 44. Kf3 h6) 44. Kf3 Kf8 45. Kf4 Rb2 46. f3 a2 47. e4 Rf2 48. e5 Ke8 49. Ke3 Rg2 50. Ke4 Rf2 51. Kf5 Kf8 52. Ke6 {[%cal Ra7a8]} Kg8 53. Ke7 Rxf3 54. Rxa2 {White mates.} Rf4 55. e6 g6 56. Kd6 {Accuracy: White = 79%, Black = 30%.} 1-0

[Event "GCT Paris Rapid 2019"]
[Site "Paris"]
[Date "2019.07.27"]
[Round "2.4"]
[White "Caruana, Fabiano"]
[Black "Duda, Jan-Krzysztof"]
[Result "1-0"]
[WhiteElo "2819"]
[BlackElo "2729"]
[Annotator "TA"]
[PlyCount "89"]
[EventDate "2019.07.26"]
[EventType "tourn"]
[EventCountry "FRA"]
[SourceTitle "playchess.com"]
[Source "ChessBase"]
[SourceQuality "1"]

{[%evp 13,89,24,27,19,29,13,15,25,19,21,16,19,33,0,14,0,0,0,0,0,0,0,36,30,185,79,150,84,93,25,30,20,33,0,57,50,169,165,174,165,209,210,211,206,312,308,290,233,247,249,258,259,261,253,264,262,246,255,243,236,268,271,324,324,763,764,663,645,606,572,990,863,1132,1014,1215,1114,1094,627]} 1. e4 e5 2. Nf3 Nf6 3. Nxe5 d6 4. Nf3 Nxe4 5. Nc3 Nxc3 6. dxc3 Be7 7. Be3 O-O 8. Qd2 {C42: Petroff Defence: 3 Nxe5 and unusual White 3rd moves} Nd7 9. O-O-O Nf6 10. Bd3 {The position is equal.} c5 11. Rhe1 Be6 12. Kb1 Qa5 13. a3 $146 ({Predecessor:} 13. c4 Qxd2 14. Bxd2 h6 15. Nh4 Rfe8 {½-½ (55) Carlsen,M (2835)-Caruana,F (2832) London 2018}) 13... c4 14. Be2 $36 {[%mdl 2048] White has the initiative.} Ne4 15. Qc1 $1 d5 {...Nxc3+! is the strong threat.} 16. Bd4 Rac8 17. Ne5 Nd6 {White should prevent ...Nb5.} 18. Bg4 Rfe8 $2 {[#]} (18... Ne4 $11) 19. Qf4 (19. Nxf7 $1 $18 {[%mdl 512] and White stays clearly on top.} Bxg4 (19... Nxf7 20. Bxe6) 20. Nxd6 Bxd6 21. Qg5 $1 {[%mdl 512]}) 19... Bf8 (19... Qd8 $142) 20. Re3 ({White should try} 20. Bxe6 $1 fxe6 21. Nd7) 20... Qc7 $16 21. Rde1 (21. Bxa7 b6 $19) (21. Bxe6 $1 $16 fxe6 22. Rf3) 21... Ne4 $11 22. Bxe6 Rxe6 23. f3 $1 {[%cal Rf3e4]} Nd6 (23... Nc5 $11) 24. Ng4 $14 h5 ({Better is} 24... Rg6 $1 $14) 25. Rxe6 $18 fxe6 {[#]} 26. Nh6+ $1 {[%mdl 512]} gxh6 27. Rxe6 {Black must now prevent Qg3+.} Ne8 {[#]} 28. Rg6+ $1 Bg7 ({Stronger than} 28... Kh7 {[#]} 29. Qf5 $1 {[%mdl 512]} Qe5 30. Bxe5 Nf6 31. Bxf6 Bg7 32. Rxg7+ Kh8 33. Qxc8#) (28... Ng7 $142 29. Qxh6 Re8) 29. Qxh6 $1 Rd8 30. Qxh5 Qe7 31. f4 Rd6 32. Rxd6 ({Weaker is} 32. Bxa7 Qf7 $14) 32... Nxd6 33. Qxd5+ Kh7 34. Qh5+ ({Not} 34. Bxa7 Qe1+ 35. Ka2 Ne4 $14) 34... Kg8 35. Qg6 Ne8 36. Bxa7 Nf6 37. Bd4 Qe1+ 38. Ka2 Qe4 $2 (38... Qh4 39. Bxf6 Qxf6) 39. Qxe4 {White is clearly winning.} Nxe4 40. Bxg7 Kxg7 {KN-KP} 41. a4 {[%cal Ba3a4,Ba4a5][%mdl 32]} Nf2 42. Ka3 Nd1 43. a5 Kf6 44. g4 Ke6 45. h4 {Accuracy: White = 69%, Black = 40%.} 1-0